000 01201nam a22002537a 4500
999 _c120783
_d120783
005 20190103145104.0
010 _aB-143009, B-143047
020 _c150.00
_a818856401
035 _aB-143009, B-143047, B-143038
037 _bCen Lib/Ret
082 _a613
_bकीर्तिचै
100 _aकीर्ति, चैतन्य
245 _aभोजन और स्वस्थ्य /
_cचैतन्य कीर्ति
246 _aBhojan aur swasthya /
_bby Kirti Chaitanaya
260 _aदिल्ली
_bअनमोल साहित्य
_c2006
270 _bदिल्ली
_a1/10781, पंचशील गार्डन, नवीन शाहदरा
_e110032
300 _a111पृ. :
_c21सेमी (सजिल्द)
_bसचित्र
650 _aसंतुलित आहार -- स्वास्थ्य जीवन
650 _aभोजन का प्रभाव -- स्वस्थ्य जीवन
650 _aBalanced diet -- Healthy life
650 _aThe effect of food -- Healthy life
942 _2ddc
_cHN
_h613
_mकीर्तिचै